| 000 | 00535nam a2200169Ia 4500 | ||
|---|---|---|---|
| 008 | 240729s9999 xx 000 0 und d | ||
| 022 | _a1805-482X | ||
| 245 | 0 | _aCentral European Journal of International & Security Studies | |
| 260 | _aCzechia | ||
| 260 | _bMetropolitan University Prague | ||
| 650 | _a International relations | Political science | ||
| 650 | _a Political science (General) | ||
| 650 | _aPolitical science | ||
| 856 | _uhttps://doaj.org/toc/31505f768b564f0e9033da9a8bb7ff0a | ||
| 942 | _2ddc | ||
| 942 | _cDOAJEJ | ||
| 999 |
_c68666 _d68666 |
||
| 945 |
_a1 _bMadushi Gamage _c1 _dMadushi Gamage |
||